00350nam a22001217a 4500008004100000020001500041050002100056100001700077245005700094260004700151300001400198650001600212220705b |||||||| |||| 00| 0 eng d a0521587875 aBD111b.L45 1999 aLewis, David aPapers in Metaphysics and Epistemology cDavid Lewis aNew YorkbCambridge University Pressc1999 aix, 453p. aMetaphysics